000
00325nam a2200121 a 4500
005
20140414131933.0
008
110108s19uu xx 00 eng d
050
_a
REF 423
_b
T11 2005
100
_a
Tajar, Mahmood
245
_a
Kontemporaryong diksyunaryo ng Filipino-Ingles.
260
_b
Smartbooks,
_c
2005.
999
_c
112313
_d
112313